| 000 | 00728cam a2200217 a 4500 | ||
|---|---|---|---|
| 001 | 000007794 | ||
| 005 | 20200929154312.0 | ||
| 008 | 740628s1965 sp a 000 0 spa | ||
| 040 |
_aDO-SdBNP _cOTU _dOCoLC _dCNE _dDLC |
||
| 082 |
_a914.6 _bV864d |
||
| 100 | 1 |
_aVizcaíno, José Antonio. _94155 |
|
| 245 | 1 | 0 |
_aDe Roncesvalles a Compostela / _cJosé Antonio Vizcaíno. |
| 260 |
_aMadrid : _bAlfaguara, _c1965. |
||
| 300 |
_a356 p. : _bil. ; _c18 cm. |
||
| 490 | 1 | _aLas Botas de Siete Leguas | |
| 650 | 4 |
_aViajeros _xRelatos personales _921501 |
|
| 651 | 4 |
_aEspaña _xDescripciones Y Viajes _93096 |
|
| 650 | 4 |
_aPeregrinaciones _zEspaña _921502 |
|
| 830 | 0 |
_aLas Botas de Siete Leguas _921503 |
|
| 910 | _aCatalogación por copia / LC | ||
| 999 |
_c7572 _d7572 |
||